[Event "Antofagasta Zicosur op 2nd"]
[Site "Antofagasta"]
[Date "2016.01.09"]
[Round "8"]
[White "Barrera Ricra, Victor Hugo"]
[Black "Belmonte, Adriel"]
[Result "0-1"]
[WhiteElo "1785"]
[BlackElo "1942"]
[PlyCount "108"]
[EventDate "2016.01.05"]
[EventType "swiss"]
[EventRounds "9"]
[EventCountry "CHI"]
[SourceTitle "CBM 170 Extra"]
[Source "ChessBase"]
[SourceDate "2016.02.25"]
[SourceVersion "1"]
[SourceVersionDate "2016.02.25"]
[SourceQuality "1"]

1. d4 Nf6 2. g3 e6 3. Bg2 d5 4. Nf3 Nbd7 5. Nc3 b6 6. 0-0 Bb7 7. h3 Be7 8. Re1 0-0 9. Ne5 Ne4 10. Nxe4 dxe4 11. Nxd7 Qxd7 12. c3 f5 13. Qb3 Bd6 14. c4 Bc6 15. a4 Qf7 16. e3 Qh5 17. Bd2 a5 18. Qc2 Rf6 19. c5 bxc5 20. dxc5 Be7 21. Bc3 Rh6 22. Be5 g5 23. Qc3 Ra7 24. Reb1 g4 25. h4 Qe8 26. b3 Kf7 27. Ra2 Rg6 28. Bf1 Rg8 29. Bd4 Ra8 30. Be5 Qb8 31. Rc1 h5 32. Rb1 Qa7 33. Bd4 Rgb8 34. Bc4 Qb7 35. Rc1 Qb4 36. Qxb4 Rxb4 37. Be5 Rb7 38. Bd4 Bd5 39. c6 Rb4 40. Bxd5 exd5 41. Bc5 Rxb3 42. Kf1 Bf6 43. Ke2 Ke6 44. Rcc2 Ra6 45. Ra3 Rb1 46. Bd4 Be7 47. Raa2 Bb4 48. Bc3 Kd6 49. Kd2 Rxc6 50. Bxb4+ Rxb4 51. Rc3 Rxc3 52. Kxc3 c5 53. Rb2 Rxb2 54. Kxb2 d4 0-1

[Event "Antofagasta Zicosur op 2nd"]
[Site "Antofagasta"]
[Date "2016.01.05"]
[Round "1"]
[White "Valenzuela Gomez, Fernando Alberto"]
[Black "Barrera Ricra, Victor Hugo"]
[Result "1-0"]
[WhiteElo "2293"]
[BlackElo "1785"]
[PlyCount "49"]
[EventDate "2016.01.05"]
[EventType "swiss"]
[EventRounds "9"]
[EventCountry "CHI"]
[SourceTitle "CBM 170 Extra"]
[Source "ChessBase"]
[SourceDate "2016.02.25"]
[SourceVersion "1"]
[SourceVersionDate "2016.02.25"]
[SourceQuality "1"]

1. d4 c6 2. c4 d5 3. Nc3 Bf5 4. Nf3 e6 5. g3 Be7 6. Bg2 g5 7. 0-0 h5 8. cxd5 exd5 9. Re1 Kf8 10. e4 dxe4 11. Nxe4 f6 12. Qb3 b5 13. Nc5 Bxc5 14. dxc5 Rh7 15. Be3 a5 16. Nd4 a4 17. Qc3 b4 18. Qxb4 Bd7 19. Qb7 Re7 20. Qxa8 Qc8 21. Nxc6 Nxc6 22. Qxc8+ Bxc8 23. Bxc6 Bd7 24. Bxd7 Rxd7 25. Red1 1-0

[Event "Tingo Maria UNAS 77th Anniv"]
[Site "Tingo Maria"]
[Date "2015.10.08"]
[Round "2.3"]
[White "Barrera Ricra, Victor Hugo"]
[Black "Sacramento Melendez, Bill Edwin"]
[Result "0-1"]
[WhiteElo "1790"]
[BlackElo "1653"]
[PlyCount "62"]
[EventDate "2015.10.08"]
[EventType "swiss"]
[EventRounds "7"]
[EventCountry "PER"]
[SourceTitle "EXT 2024"]
[Source "ChessBase"]
[SourceDate "2023.10.10"]
[SourceVersion "1"]
[SourceVersionDate "2023.10.10"]
[SourceQuality "1"]

1. d4 Nf6 2. c4 e6 3. f3 c5 4. Be3 cxd4 5. Bxd4 Nc6 6. Bf2 b6 7. a3 Qc7 8. e3 Bb7 9. Nd2 Rd8 10. Rc1 g6 11. Ne2 Ne5 12. Nc3 a6 13. Be2 Bg7 14. 0-0 0-0 15. b4 d6 16. e4 Nh5 17. Na4 Nf4 18. Nxb6 Ned3 19. Na4 Nxc1 20. Bb6 Ncxe2+ 21. Kh1 Qe7 22. g3 Qg5 23. gxf4 Nxf4 24. Rg1 Qh5 25. Bxd8 Rxd8 26. Rg4 Be5 27. c5 f5 28. exf5 exf5 29. Rxf4 Bxf4 30. Qb3+ Kg7 31. Qc3+ Be5 0-1

[Event "Tingo Maria UNAS 77th Anniv"]
[Site "Tingo Maria"]
[Date "2015.10.08"]
[Round "1.3"]
[White "Camarena Meza, Jackeline Edy"]
[Black "Barrera Ricra, Victor Hugo"]
[Result "0-1"]
[WhiteElo "1573"]
[BlackElo "1790"]
[PlyCount "54"]
[EventDate "2015.10.08"]
[EventType "swiss"]
[EventRounds "7"]
[EventCountry "PER"]
[SourceTitle "EXT 2024"]
[Source "ChessBase"]
[SourceDate "2023.10.10"]
[SourceVersion "1"]
[SourceVersionDate "2023.10.10"]
[SourceQuality "1"]

1. e4 c5 2. Bc4 e6 3. Nc3 a6 4. Nf3 b5 5. Be2 Bb7 6. d4 cxd4 7. Nxd4 Bb4 8. Bf3 Ne7 9. Bd2 0-0 10. Nce2 Bxd2+ 11. Qxd2 e5 12. Nb3 Ng6 13. 0-0 Qc7 14. Rfd1 Nh4 15. Qc3 Nxf3+ 16. gxf3 Qb6 17. Rd3 Qg6+ 18. Kh1 Qf6 19. Rad1 Nc6 20. Rxd7 b4 21. Qe3 Rad8 22. R1d3 Qh4 23. Nc5 Bc8 24. Rxd8 Nxd8 25. Nxa6 Bh3 26. Nxb4 Bf1 27. Ng3 Qh3 0-1

[Event "Arica op 2nd"]
[Site "Arica"]
[Date "2015.01.15"]
[Round "4"]
[White "Barrera Ricra, Victor Hugo"]
[Black "Henriquez Villagra, Cristobal"]
[Result "0-1"]
[WhiteElo "1793"]
[BlackElo "2471"]
[PlyCount "90"]
[EventDate "2015.01.13"]
[EventType "swiss"]
[EventRounds "9"]
[EventCountry "CHI"]
[SourceTitle "EXT 2016"]
[Source "ChessBase"]
[SourceDate "2015.10.08"]
[SourceVersion "1"]
[SourceVersionDate "2015.10.08"]
[SourceQuality "1"]

1. e4 c5 2. Nf3 d6 3. d4 cxd4 4. Nxd4 Nf6 5. Nc3 a6 6. Bg5 e6 7. Qd2 Be7 8. 0-0-0 h6 9. Bh4 Qc7 10. Bxf6 gxf6 11. f4 Nc6 12. Nf3 Bd7 13. Kb1 0-0-0 14. g3 Kb8 15. Be2 Rc8 16. Rc1 Na5 17. Nd4 Qb6 18. f5 Nc4 19. Bxc4 Rxc4 20. Rhd1 Rhc8 21. fxe6 fxe6 22. Nde2 d5 23. exd5 Bb4 24. Ka1 e5 25. Rf1 Bh3 26. Rfd1 Bg4 27. Qxh6 Bxc3 28. Nxc3 Bxd1 29. Rxd1 Rb4 30. Qd2 Rd4 31. Qe2 Rxd1+ 32. Qxd1 Qd4 33. Kb1 Qxd1+ 34. Nxd1 Rh8 35. c4 Rxh2 36. Ne3 Re2 37. Nf5 Rf2 38. g4 Rf4 39. b3 Rxg4 40. d6 Kc8 41. c5 Kd7 42. Kc2 b6 43. cxb6 Rb4 44. Ne3 Kxd6 45. Nc4+ Kc5 0-1

[Event "Tingo Maria UNAS op 3rd"]
[Site "Tingo Maria"]
[Date "2014.07.25"]
[Round "2.1"]
[White "Bustamante Malpartida, Nayeli Aleydis Rubi"]
[Black "Barrera Ricra, Victor Hugo"]
[Result "1-0"]
[WhiteElo "1586"]
[BlackElo "1796"]
[PlyCount "65"]
[EventDate "2014.07.25"]
[EventType "swiss"]
[EventRounds "6"]
[EventCountry "PER"]
[SourceTitle "EXT 2024"]
[Source "ChessBase"]
[SourceDate "2023.10.10"]
[SourceVersion "1"]
[SourceVersionDate "2023.10.10"]
[SourceQuality "1"]

1. e4 c5 2. Nf3 d6 3. d4 cxd4 4. Nxd4 Nf6 5. Nc3 g6 6. f3 Bg7 7. Be3 Bd7 8. Bc4 Nc6 9. Qd2 a6 10. h4 Rc8 11. Bb3 Ne5 12. g4 Nc4 13. Bxc4 Rxc4 14. h5 gxh5 15. gxh5 h6 16. 0-0-0 b5 17. Rdg1 Bf8 18. f4 Qc7 19. Re1 Rxc3 20. bxc3 Nxe4 21. Qd3 Nxc3 22. Kb2 b4 23. Qxa6 Bc8 24. Qa8 Bg7 25. Nf5 0-0 26. Nxg7 Kxg7 27. Bd4+ Kh7 28. Qg2 Rg8 29. Qf3 Bb7 30. Qd3+ Rg6 31. hxg6+ fxg6 32. Rhg1 Na4+ 33. Kc1 1-0

[Event "Tingo Maria UNAS Semana Santa op"]
[Site "Tingo Maria"]
[Date "2014.04.19"]
[Round "8.2"]
[White "Barrera Ricra, Victor Hugo"]
[Black "Camara, Mejia Jhon Joseph"]
[Result "0-1"]
[WhiteElo "1806"]
[BlackElo "1645"]
[PlyCount "119"]
[EventDate "2014.04.17"]
[EventType "swiss"]
[EventRounds "9"]
[EventCountry "PER"]
[SourceTitle "EXT 2024"]
[Source "ChessBase"]
[SourceDate "2023.10.10"]
[SourceVersion "1"]
[SourceVersionDate "2023.10.10"]
[SourceQuality "1"]

1. f4 d5 2. d3 f5 3. h3 Nf6 4. Nf3 Nc6 5. Be3 e5 6. fxe5 Nd7 7. d4 Nb6 8. b3 h6 9. Qd2 g5 10. g3 a5 11. a3 a4 12. Bg2 axb3 13. cxb3 Bb4 14. Nc3 Rxa3 15. Rxa3 Bxa3 16. 0-0 Be6 17. Ne1 Bb4 18. Nc2 Be7 19. Ra1 Qd7 20. Bf2 Rg8 21. Na4 Nxa4 22. Rxa4 h5 23. Ra8+ Nd8 24. Qa5 Kf7 25. Qa4 b5 26. Qa6 f4 27. Rb8 fxg3 28. Bxg3 Bxh3 29. Ne3 Bxg2 30. Kxg2 h4 31. e6+ Qxe6 32. Qxe6+ Nxe6 33. Rxg8 Kxg8 34. Be5 c6 35. Nf5 Kf7 36. e3 Bf6 37. Nd6+ Kg6 38. Bh2 b4 39. Nc8 c5 40. Bd6 cxd4 41. exd4 Nxd4 42. Bxb4 Nxb3 43. Nb6 d4 44. Nc4 g4 45. Be1 d3 46. Ne3 Kh5 47. Nd5 Bg5 48. Bf2 d2 49. Nc3 Bf6 50. Nd1 Kg5 51. Be3+ Kf5 52. Nf2 g3 53. Nd1 Kg4 54. Bxd2 Nxd2 55. Ne3+ Kf4 56. Nd5+ Ke5 57. Ne3 Bg5 58. Ng4+ Kf4 59. Nh2 gxh2 60. Kxh2 0-1

[Event "Tingo Maria UNAS Semana Santa op"]
[Site "Tingo Maria"]
[Date "2014.04.19"]
[Round "6.4"]
[White "Sacramento Melendez, Bill Edwin"]
[Black "Barrera Ricra, Victor Hugo"]
[Result "0-1"]
[WhiteElo "1663"]
[BlackElo "1806"]
[PlyCount "90"]
[EventDate "2014.04.17"]
[EventType "swiss"]
[EventRounds "9"]
[EventCountry "PER"]
[SourceTitle "EXT 2024"]
[Source "ChessBase"]
[SourceDate "2023.10.10"]
[SourceVersion "1"]
[SourceVersionDate "2023.10.10"]
[SourceQuality "1"]

1. d4 Nf6 2. c4 g6 3. Nc3 Bg7 4. e4 d6 5. Nf3 a6 6. Be2 0-0 7. 0-0 Nbd7 8. h3 e5 9. d5 Nc5 10. Qc2 b6 11. Be3 h6 12. b4 Nb7 13. a4 Kh7 14. Rfe1 Ng8 15. Nd2 f5 16. exf5 Bxf5 17. Bd3 Qe7 18. Bxf5 gxf5 19. f3 Kh8 20. Bf2 Qf6 21. Ne2 Rae8 22. Ng3 Rf7 23. Nh5 Qg6 24. Nxg7 Rxg7 25. g3 Nf6 26. Nf1 f4 27. Qxg6 Rxg6 28. Kh2 Reg8 29. g4 h5 30. Nd2 hxg4 31. hxg4 Kg7 32. Ne4 Nxg4+ 33. fxg4 Rxg4 34. Bg3 fxg3+ 35. Nxg3 Kf8 36. Rf1+ Ke8 37. Ra3 Rxc4 38. Raf3 Rh4+ 39. Kg2 Nd8 40. Kf2 Rxb4 41. Nh5 Rb2+ 42. Ke3 Rb3+ 43. Ke2 Rxf3 44. Rxf3 Rh8 45. Ng7+ Kd7 0-1

[Event "Tingo Maria UNAS 3rd"]
[Site "Tingo Maria"]
[Date "2013.07.21"]
[Round "7.2"]
[White "Barrera Ricra, Victor Hugo"]
[Black "Bustamante Malpartida, Nayeli Aleydis Rubi"]
[Result "1-0"]
[WhiteElo "1763"]
[BlackElo "1600"]
[PlyCount "83"]
[EventDate "2013.07.19"]
[EventType "swiss"]
[EventRounds "7"]
[EventCountry "PER"]
[SourceTitle "EXT 2024"]
[Source "ChessBase"]
[SourceDate "2023.10.10"]
[SourceVersion "1"]
[SourceVersionDate "2023.10.10"]
[SourceQuality "1"]

1. d4 Nf6 2. c4 g6 3. Nc3 d5 4. e3 Bg7 5. Nf3 c5 6. dxc5 0-0 7. cxd5 Bg4 8. Be2 Qa5 9. 0-0 Qxc5 10. e4 Rd8 11. Be3 Qc7 12. Rc1 b6 13. Qa4 Nbd7 14. b4 Qb7 15. h3 Bxf3 16. gxf3 Rac8 17. Ba6 Qc7 18. Ne2 Qb8 19. Bxc8 Rxc8 20. Bf4 Qa8 21. e5 Nxd5 22. Qxd7 Rxc1 23. Rxc1 Bf8 24. Rc8 Qxc8 25. Qxc8 Nxf4 26. Nxf4 e6 27. h4 Kg7 28. a3 a5 29. h5 axb4 30. h6+ Kg8 31. axb4 b5 32. Ne2 g5 33. Nd4 f6 34. Nxe6 Kf7 35. Nxf8 fxe5 36. Qf5+ Ke7 37. Nxh7 e4 38. Nxg5 exf3 39. Qe6+ Kd8 40. Qf7 Kc8 41. h7 Kb8 42. h8R# 1-0

[Event "Tingo Maria UNAS 2nd"]
[Site "Tingo Maria"]
[Date "2013.06.22"]
[Round "4.3"]
[White "Fajardo Gamarra, Rai"]
[Black "Barrera Ricra, Victor Hugo"]
[Result "0-1"]
[WhiteElo "1541"]
[BlackElo "1758"]
[PlyCount "58"]
[EventDate "2013.06.21"]
[EventType "swiss"]
[EventRounds "7"]
[EventCountry "PER"]
[SourceTitle "EXT 2024"]
[Source "ChessBase"]
[SourceDate "2023.10.10"]
[SourceVersion "1"]
[SourceVersionDate "2023.10.10"]
[SourceQuality "1"]

1. d4 d5 2. c4 e6 3. c5 b6 4. b4 bxc5 5. bxc5 Qf6 6. Nc3 Bxc5 7. Bb2 Bb6 8. g3 Ne7 9. Nb5 a6 10. Qa4 Bd7 11. e3 Ra7 12. Nxc7+ Rxc7 13. Qd1 0-0 14. Bd3 Rfc8 15. Ne2 Ba5+ 16. Kf1 Bb5 17. Kg2 g5 18. Rf1 Bxd3 19. Qxd3 Rc2 20. Bc1 g4 21. f4 Qh6 22. Ba3 Nf5 23. Rfc1 R8c3 24. Rxc2 Qh3+ 25. Kf2 Rxd3 26. Rc8+ Kg7 27. Bf8+ Kg6 28. Bc5 Qxh2+ 29. Kf1 Nxe3# 0-1

[Event "Tingo Maria UNAS 1st"]
[Site "Tingo Maria"]
[Date "2013.03.30"]
[Round "7.3"]
[White "Barrera Ricra, Victor Hugo"]
[Black "Bustamante Malpartida, Nayeli Aleydis Rubi"]
[Result "1-0"]
[WhiteElo "1754"]
[BlackElo "1637"]
[PlyCount "73"]
[EventDate "2013.03.28"]
[EventType "swiss"]
[EventRounds "7"]
[EventCountry "PER"]
[SourceTitle "EXT 2024"]
[Source "ChessBase"]
[SourceDate "2023.10.10"]
[SourceVersion "1"]
[SourceVersionDate "2023.10.10"]
[SourceQuality "1"]

1. d4 Nf6 2. c4 g6 3. Nc3 d5 4. cxd5 Nxd5 5. e4 Nxc3 6. bxc3 Bg7 7. Bc4 0-0 8. Ne2 c5 9. 0-0 Nc6 10. e5 Qd7 11. f4 Rd8 12. Bb5 a6 13. Bxc6 Qxc6 14. Be3 b5 15. Qd2 Bb7 16. Rf2 f6 17. a4 fxe5 18. axb5 axb5 19. Rxa8 Bxa8 20. fxe5 Bxe5 21. Bh6 Bf6 22. Qf4 b4 23. c4 cxd4 24. Nxd4 Rxd4 25. Qb8+ Kf7 26. h3 Ke6 27. Re2+ Re4 28. Qg8+ Kd6 29. Rd2+ Rd4 30. Bf4+ Kd7 31. Ra2 Rd1+ 32. Kh2 Bb7 33. Re2 Bd4 34. Qxh7 Bc5 35. h4 Rg1 36. Rd2+ Ke6 37. Qxg6# 1-0

[Event "Tingo Maria UNAS 1st"]
[Site "Tingo Maria"]
[Date "2013.03.29"]
[Round "4.2"]
[White "Barrera Ricra, Victor Hugo"]
[Black "Maldonado Rivera, Walter Eduardo"]
[Result "0-1"]
[WhiteElo "1754"]
[BlackElo "1789"]
[PlyCount "86"]
[EventDate "2013.03.28"]
[EventType "swiss"]
[EventRounds "7"]
[EventCountry "PER"]
[SourceTitle "EXT 2024"]
[Source "ChessBase"]
[SourceDate "2023.10.10"]
[SourceVersion "1"]
[SourceVersionDate "2023.10.10"]
[SourceQuality "1"]

1. d4 d5 2. Nf3 c5 3. g3 Nc6 4. Bg2 cxd4 5. Nxd4 e5 6. Nxc6 bxc6 7. e4 d4 8. c3 c5 9. 0-0 Nf6 10. f4 Bd6 11. cxd4 cxd4 12. Nd2 0-0 13. Nc4 Bc7 14. fxe5 Ng4 15. Bf4 Re8 16. Nd6 Re6 17. Qxg4 Rxd6 18. exd6 Bxg4 19. dxc7 Qd7 20. Rac1 Bh3 21. Rc5 Bxg2 22. Kxg2 Rc8 23. Rd5 Qe7 24. Rxd4 Rxc7 25. Bxc7 Qxc7 26. Rfd1 g6 27. b4 Qc2+ 28. R1d2 Qa4 29. h4 Kg7 30. g4 a6 31. g5 h5 32. Rb2 Qa3 33. Rf2 Qe3 34. Rc4 Qd3 35. Rfc2 Qd1 36. Kf2 Qg4 37. Ke3 Qxh4 38. Rc5 Qg3+ 39. Kd4 h4 40. a4 h3 41. b5 h2 42. bxa6 h1Q 43. a7 Qd1+ 0-1

[Event "Tingo Maria op 5th"]
[Site "Tingo Maria"]
[Date "2012.10.13"]
[Round "4"]
[White "Barrera Ricra, Victor Hugo"]
[Black "Atencia Ambicho, Fidel"]
[Result "0-1"]
[WhiteElo "1768"]
[BlackElo "1915"]
[PlyCount "54"]
[EventDate "2012.10.12"]
[EventType "swiss"]
[EventRounds "7"]
[EventCountry "PER"]
[SourceTitle "EXT 2013"]
[Source "ChessBase"]
[SourceDate "2012.11.22"]
[SourceVersion "1"]
[SourceVersionDate "2012.11.22"]
[SourceQuality "1"]

1. c4 d5 2. cxd5 Nf6 3. Nc3 Nxd5 4. e4 Nxc3 5. bxc3 a6 6. Bc4 b5 7. Bb3 Bb7 8. Qf3 e6 9. Ne2 c5 10. 0-0 Nc6 11. Ng3 Ne5 12. Qe2 c4 13. Bc2 Bc5 14. Kh1 h5 15. f4 Ng4 16. Rf3 Nxh2 17. d4 Nxf3 18. gxf3 h4 19. Qh2 Bxd4 20. cxd4 Qxd4 21. Rb1 hxg3 22. Qxh8+ Kd7 23. Qh5 g6 24. Be3 Qxe3 25. Rd1+ Kc6 26. Qh4 Qf2 27. Qh3 g2+ 0-1